Statistiques concernant Mots de la langue française se terminant par "maire"

Cliquez ici pour prendre le quiz!

Statistiques générales

  • Ce quiz a été pris 249 fois
  • Le résultat moyen est 7 sur 9

Statistiques - réponses

IndiceMot% Correct
premier magistrat de la communemaire
95%
ensemble des règles relatives à une languegrammaire
93%
relatif aux mamellesmammaire
87%
du premier degréprimaire
86%
travailleur temporaireintérimaire
83%
exposé en peu de motssommaire
73%
second mois du calendrier républicainbrumaire
71%
qui se rapporte à la paume de la mainpalmaire
50%
troisième mois du calendrier républicainfrimaire
29%

Distribution des résultats

Percentile par nombre de réponses

% des personnes avec chaque résultat

Votre développement - résultats

Vous n’avez pas pris ce quiz